[Event "Masters Grenoble 2007"]
[Site "Grenoble FRA"]
[Date "2007.06.26"]
[Round "7.1"]
[White "Aguettaz, Maxime"]
[Black "Vernay, Clovis"]
[Result "0-1"]
[WhiteElo "2330"]
[BlackElo "2345"]
[PlyCount "68"]
[EventDate "2007.06.20"]
[EventType "tourn"]
[EventRounds "9"]
[EventCountry "FRA"]
[EventCategory "4"]
[Source "lmi"]
[SourceDate "2007.06.20"]

1. c4 e5 2. Nc3 Nf6 3. Nf3 Nc6 4. g3 d5 5. cxd5 Nxd5 6. d3 Be7 7. Bg2 Nb6 8.
O-O O-O 9. a3 a5 10. Be3 Be6 11. Rc1 f5 12. Na4 Nxa4 13. Qxa4 Bf6 14. Rc5 Re8
15. Rfc1 Bf7 16. h4 h6 17. Bh3 f4 18. gxf4 exf4 19. Qxf4 Bxb2 20. Rb1 Bxa3 21.
Rf5 Be6 22. Rxb7 Bd6 23. Qe4 Bxf5 24. Qxf5 Ne5 25. h5 Nxf3+ 26. Qxf3 Qf6 27.
Qd5+ Kh8 28. Bg2 Qa1+ 29. Bf1 Qe5 30. Qg2 a4 31. d4 Qf5 32. Qc6 Qxh5 33. Bg2
Rxe3 34. fxe3 Rf8 0-1

[Event "Masters Grenoble 2007"]
[Site "Grenoble FRA"]
[Date "2007.06.26"]
[Round "7.2"]
[White "Janev, Evgeni"]
[Black "Rodrigues, Emmanuel"]
[Result "1-0"]
[WhiteElo "2475"]
[BlackElo "2155"]
[PlyCount "65"]
[EventDate "2007.06.20"]
[EventType "tourn"]
[EventRounds "9"]
[EventCountry "FRA"]
[EventCategory "4"]
[Source "lmi"]
[SourceDate "2007.06.20"]

1. e4 e5 2. Nf3 Nc6 3. Bc4 Nf6 4. d3 Bc5 5. Nc3 h6 6. Be3 d6 7. Bxc5 dxc5 8.
Bb5 Qd6 9. Bxc6+ bxc6 10. b3 O-O 11. h3 Rd8 12. Qd2 Nd7 13. Nd1 Nf8 14. Ne3 f6
15. O-O Qe7 16. Kh1 Ne6 17. Ng1 Kh7 18. Ne2 Qe8 19. f4 exf4 20. Nxf4 Ng5 21.
Qf2 Ba6 22. Rfe1 Qe7 23. Qg3 Rd7 24. h4 Ne6 25. Rf1 Nd4 26. Rad1 Qf7 27. h5 Re8
28. Ng6 Qe6 29. e5 f5 30. c3 Bxd3 31. Nf4 Qxe5 32. Qg6+ Kh8 33. Nxd3 1-0

[Event "Masters Grenoble 2007"]
[Site "Grenoble FRA"]
[Date "2007.06.26"]
[Round "7.5"]
[White "Fargere, Francois"]
[Black "Foisor, Ovidiu Doru"]
[Result "1/2-1/2"]
[WhiteElo "2345"]
[BlackElo "2425"]
[PlyCount "63"]
[EventDate "2007.06.20"]
[EventType "tourn"]
[EventRounds "9"]
[EventCountry "FRA"]
[EventCategory "4"]
[Source "lmi"]
[SourceDate "2007.06.20"]

1. e4 c6 2. d4 g6 3. Nc3 d5 4. h3 Bg7 5. Nf3 Nf6 6. e5 Ne4 7. Nxe4 dxe4 8. Ng5
c5 9. e6 Bxe6 10. Nxe6 fxe6 11. dxc5 Qxd1+ 12. Kxd1 Nd7 13. Be3 Bxb2 14. Rb1
Ba3 15. Rxb7 Nxc5 16. Rc7 Rd8+ 17. Ke1 Bb4+ 18. c3 Bxc3+ 19. Ke2 Na4 20. Rc4
Bb4 21. Bd4 Rxd4 22. Rxd4 Nc3+ 23. Kd2 Nxa2+ 24. Kc2 O-O 25. Rxe4 Rxf2+ 26. Re2
Rf4 27. Rxe6 a5 28. Kb3 Rf2 29. Bc4 Kg7 30. Re2 Rxe2 31. Bxe2 Nc3 32. Bf3
1/2-1/2

[Event "Masters Grenoble 2007"]
[Site "Grenoble FRA"]
[Date "2007.06.27"]
[Round "8.1"]
[White "Rodrigues, Emmanuel"]
[Black "Foisor, Ovidiu Doru"]
[Result "0-1"]
[WhiteElo "2153"]
[BlackElo "2425"]
[PlyCount "108"]
[EventDate "2007.06.20"]
[EventType "tourn"]
[EventRounds "9"]
[EventCountry "FRA"]
[EventCategory "4"]
[Source "lmi"]
[SourceDate "2007.06.20"]

1. Nc3 d5 2. e4 c6 3. d4 g6 4. h3 Bg7 5. Nf3 Nh6 6. Bd3 f6 7. Qe2 Nf7 8. O-O
O-O 9. Bf4 e5 10. dxe5 fxe5 11. Bg3 d4 12. Nb1 Be6 13. a4 Nd7 14. Nbd2 Qe7 15.
Nc4 g5 16. Nh2 Nh8 17. Na5 b6 18. Nxc6 Qd6 19. Bb5 a6 20. Nxd4 axb5 21. Nxb5
Qc5 22. Qd2 Nf6 23. b4 Qc6 24. f3 Nf7 25. Bf2 Bc4 26. Rfc1 Bxb5 27. axb5 Qxb5
28. c4 Qc6 29. Rxa8 Rxa8 30. Nf1 b5 31. c5 Rd8 32. Qa2 Nh5 33. Ne3 Nf4 34. Nf5
Bf8 35. Be3 Ra8 36. Qc2 Qe6 37. Bxf4 gxf4 38. Qd3 Nd8 39. Qxb5 Nc6 40. Nd6 Nd4
41. Qc4 Qxc4 42. Rxc4 Bxd6 43. cxd6 Kf7 44. Rc5 Ke6 45. d7 Rd8 46. Kf2 Rxd7 47.
g3 fxg3+ 48. Kxg3 Rf7 49. Ra5 Rxf3+ 50. Kg2 Rb3 51. Ra6+ Kf7 52. Ra7+ Kg6 53.
Re7 Kg5 54. Rxe5+ Kf4 0-1

[Event "Masters Grenoble 2007"]
[Site "Grenoble FRA"]
[Date "2007.06.27"]
[Round "8.2"]
[White "Olivier, Jean Christophe"]
[Black "Fargere, Francois"]
[Result "1-0"]
[WhiteElo "2365"]
[BlackElo "2344"]
[PlyCount "49"]
[EventDate "2007.06.20"]
[EventType "tourn"]
[EventRounds "9"]
[EventCountry "FRA"]
[EventCategory "4"]
[Source "lmi"]
[SourceDate "2007.06.20"]

1. e4 c5 2. Nf3 d6 3. d4 Nf6 4. Nc3 cxd4 5. Nxd4 a6 6. Bc4 e6 7. Bb3 b5 8. O-O
Be7 9. Qf3 Qc7 10. Re1 Nc6 11. Nxc6 Qxc6 12. Bg5 O-O 13. Nd5 exd5 14. Bxd5 Qxc2
15. Bxf6 Bxf6 16. Re2 Qc5 17. Bxa8 h5 18. Qd3 Bd7 19. Rc2 Qb6 20. Bd5 Bd4 21.
Rd1 Bc5 22. h3 Be6 23. Qf3 g6 24. Qf6 Re8 25. b4 1-0

[Event "Masters Grenoble 2007"]
[Site "Grenoble FRA"]
[Date "2007.06.27"]
[Round "8.3"]
[White "Vuilleumier, Alexandre"]
[Black "Di Paolo, Raffaele"]
[Result "1/2-1/2"]
[WhiteElo "2343"]
[BlackElo "2341"]
[PlyCount "106"]
[EventDate "2007.06.20"]
[EventType "tourn"]
[EventRounds "9"]
[EventCountry "FRA"]
[EventCategory "4"]
[Source "lmi"]
[SourceDate "2007.06.20"]

1. g3 d5 2. Bg2 c6 3. Nf3 e6 4. O-O f5 5. d3 Nf6 6. Nbd2 Bc5 7. b3 O-O 8. Bb2
Qe7 9. c4 a5 10. Qc2 Na6 11. a3 Bd7 12. e4 dxe4 13. dxe4 f4 14. e5 Ng4 15. Ne4
fxg3 16. hxg3 Ba7 17. Neg5 Rf5 18. Nh3 Qf7 19. Qe4 Qh5 20. Rad1 Raf8 21. Bd4
Bxd4 22. Rxd4 Nxe5 23. g4 Nxf3+ 24. Bxf3 Qxh3 25. gxf5 Nc5 26. Qe3 Qxf5 27. Bg4
Qg6 28. Kh2 e5 29. Rxd7 Qxg4 30. Rxg7+ Qxg7 31. Rg1 Nd7 32. Rxg7+ Kxg7 33. Qd2
Rf7 34. Qg5+ Kf8 35. Qd8+ Kg7 36. Kg2 b6 37. Qg5+ Kf8 38. Qh6+ Rg7+ 39. Kf3 c5
40. Ke4 Kg8 41. Qe6+ Kf8 42. Kd5 Rf7 43. Qh6+ Ke8 44. Qh4 Rf4 45. Qh5+ Kd8 46.
Qg5+ Kc7 47. Ke6 Rd4 48. Ke7 Rd6 49. Qg8 Nb8 50. Qg3 Nc6+ 51. Kf7 Nd8+ 52. Ke7
Re6+ 53. Kf8 Rf6+ 1/2-1/2

[Event "Masters Grenoble 2007"]
[Site "Grenoble FRA"]
[Date "2007.06.27"]
[Round "8.4"]
[White "Vernay, Clovis"]
[Black "Adda, Olivier"]
[Result "1-0"]
[WhiteElo "2347"]
[BlackElo "2190"]
[PlyCount "95"]
[EventDate "2007.06.20"]
[EventType "tourn"]
[EventRounds "9"]
[EventCountry "FRA"]
[EventCategory "4"]
[Source "lmi"]
[SourceDate "2007.06.20"]

1. d4 Nf6 2. c4 e6 3. Nc3 d5 4. cxd5 exd5 5. Bg5 Bb4 6. Qc2 c5 7. dxc5 O-O 8.
e3 Nbd7 9. a3 Qa5 10. Bxf6 Nxf6 11. Rc1 Bxc3+ 12. Qxc3 Qxc3+ 13. Rxc3 a5 14.
Bd3 a4 15. Nf3 Bd7 16. Nd4 Ne4 17. Bxe4 dxe4 18. Kd2 Rfd8 19. Kc1 Ra6 20. Rd1
Rc8 21. Rd2 Rh6 22. h3 Rg6 23. Ne2 Bc6 24. g3 h6 25. h4 Rf6 26. Nd4 Bd5 27. Nb5
Bc6 28. Nd6 Rc7 29. Kd1 Re7 30. Ke1 Re5 31. Rd4 g5 32. hxg5 hxg5 33. Rb4 b6 34.
Rxb6 Bd5 35. Nc8 Bc6 36. Na7 Ree6 37. Nxc6 Rxc6 38. Rb4 Rfe6 39. Rxa4 f5 40.
Rac4 Rh6 41. b4 Rh1+ 42. Ke2 Rb1 43. a4 Rh6 44. Rc1 Rb2+ 45. R1c2 Rb1 46. Kd2
Rhh1 47. Kc3 Rhd1 48. Rd4 1-0

[Event "Masters Grenoble 2007"]
[Site "Grenoble FRA"]
[Date "2007.06.27"]
[Round "9.2"]
[White "Adda, Olivier"]
[Black "Janev, Evgeni"]
[Result "0-1"]
[WhiteElo "2150"]
[BlackElo "2476"]
[PlyCount "62"]
[EventDate "2007.06.20"]
[EventType "tourn"]
[EventRounds "9"]
[EventCountry "FRA"]
[EventCategory "4"]
[Source "lmi"]
[SourceDate "2007.06.20"]

1. e4 Nf6 2. e5 Nd5 3. d4 d6 4. Nf3 Nb6 5. Nbd2 g6 6. exd6 cxd6 7. a4 Bg7 8. a5
N6d7 9. Nc4 O-O 10. Be2 Nf6 11. O-O Na6 12. Ne3 Qc7 13. d5 Bd7 14. Re1 e5 15.
dxe6 fxe6 16. Ra3 Rad8 17. Nd4 Nc5 18. Ng4 d5 19. Nxf6+ Bxf6 20. Bf3 e5 21.
Bxd5+ Kh8 22. Ne2 Bc6 23. c4 e4 24. Be3 Nd3 25. Rxd3 exd3 26. Qxd3 Qxa5 27. Bd2
Qb6 28. Nf4 Bxd5 29. cxd5 Bg7 30. Ne6 Qxf2+ 31. Kh1 Rxd5 0-1

[Event "Masters Grenoble 2007"]
[Site "Grenoble FRA"]
[Date "2007.06.28"]
[Round "9.3"]
[White "Di Paolo, Raffaele"]
[Black "Vernay, Clovis"]
[Result "1/2-1/2"]
[WhiteElo "2341"]
[BlackElo "2347"]
[PlyCount "65"]
[EventDate "2007.06.20"]
[EventType "tourn"]
[EventRounds "9"]
[EventCountry "FRA"]
[EventCategory "4"]
[Source "lmi"]
[SourceDate "2007.06.20"]

1. e4 e6 2. d4 d5 3. Nc3 dxe4 4. Nxe4 Nd7 5. Nf3 Ngf6 6. Nxf6+ Nxf6 7. Ne5 Nd7
8. Be3 Nxe5 9. dxe5 Qxd1+ 10. Rxd1 Bd7 11. h4 h5 12. Rh3 Be7 13. Rg3 Bxh4 14.
Rxg7 Bc6 15. Bg5 Bxg5 16. Rxg5 Ke7 17. Rd3 Rag8 18. Rdg3 Rxg5 19. Rxg5 Be4 20.
Kd2 h4 21. Rg4 Bf5 22. Ra4 a6 23. Rb4 b5 24. Rd4 h3 25. gxh3 Bxh3 26. Be2 Bg2
27. a4 Bc6 28. axb5 axb5 29. Kc3 Bd7 30. Kb4 c5+ 31. Kxc5 Rc8+ 32. Kb6 Rxc2 33.
Bd3 1/2-1/2

[Event "Masters Grenoble 2007"]
[Site "Grenoble FRA"]
[Date "2007.06.28"]
[Round "9.4"]
[White "Fargere, Francois"]
[Black "Vuilleumier, Alexandre"]
[Result "1/2-1/2"]
[WhiteElo "2344"]
[BlackElo "2343"]
[PlyCount "69"]
[EventDate "2007.06.20"]
[EventType "tourn"]
[EventRounds "9"]
[EventCountry "FRA"]
[EventCategory "4"]
[Source "lmi"]
[SourceDate "2007.06.20"]

1. Nf3 c5 2. e4 d6 3. d4 cxd4 4. Nxd4 Nf6 5. Nc3 Nc6 6. Bc4 Qb6 7. Nxc6 bxc6 8.
O-O g6 9. b3 Bg7 10. Bb2 O-O 11. Qe2 Bg4 12. Qe1 e5 13. Na4 Qc7 14. f3 Be6 15.
Bxe6 fxe6 16. Rd1 Rf7 17. c4 Nd7 18. Qd2 Bf8 19. f4 exf4 20. Rxf4 Nb6 21. Rxf7
Qxf7 22. Nc3 e5 23. Ba3 Rd8 24. Rf1 Qg7 25. Qg5 Be7 26. Qg4 Rf8 27. Qe6+ Kh8
28. Rxf8+ Qxf8 29. Ne2 Bg5 30. Qxe5+ dxe5 31. Bxf8 Be3+ 32. Kf1 Nd7 33. Bd6 Kg7
34. Ba3 Kf6 35. g3 1/2-1/2